00398nam a2200145 a 450000500170000000800410001702000180005805000210007605000210009710000180011824500410013626000400017730000090021744000260022620140412111425.0081008s19uu xx 00 eng d a971-508-188-6 aFil EbMa33 2006 aFIL EbMa33 2006 aLacson, Tomas aSi Mariang Alimango /cTomas Lacson. aPhilippines :bAdarna house,c2006. aunp. aa book in 2 languages